[Event "XLII Festival A"]
[Site "Imperia ITA"]
[Date "2000.09.09"]
[Round "8"]
[White "Barlocco, Carlo"]
[Black "Faraci, Antonino"]
[WhiteElo "2179"]
[BlackElo "2111"]
[Result "0-1"]
[PlyCount "88"]
[EventDate "2000.09.03"]

1. c4 c5 2. g3 Nf6 3. Bg2 g6 4. Nc3 Bg7 5. Nf3 O-O 6. O-O d5 7. cxd5 Nxd5 8.
Qb3 Nb6 9. d3 Nc6 10. Bd2 Bg4 11. Qd1 c4 12. Be3 cxd3 13. exd3 Qd7 14. Qb3 Be6
15. Qb5 Nd5 16. Ng5 a6 17. Qa4 Nxe3 18. Nxe6 Qxe6 19. Rfe1 b5 20. Rxe3 Qxe3 21.
fxe3 bxa4 22. Bxc6 Rab8 23. Nxa4 Rfc8 24. Bd5 Bxb2 25. Rf1 e6 26. Bb3 Bg7 27.
d4 Bh6 28. Kf2 Bf8 29. Ke2 Rb5 30. Kd3 Rh5 31. Rf2 Rc1 32. Nc3 Rh1 33. h4 Rf5
34. Rg2 Bh6 35. d5 exd5 36. Bxd5 Re1 37. e4 Rf3+ 38. Kd4 Bg7+ 39. e5 Bxe5+ 40.
Kc4 Rxc3+ 41. Kb4 Rd1 42. Bb3 Rd8 43. Re2 Bg7 44. Rf2 Rc6 0-1

[Event "XLII Festival A"]
[Site "Imperia ITA"]
[Date "2000.09.09"]
[Round "8"]
[White "Benes, Petr"]
[Black "Astengo, Marcello"]
[WhiteElo "2171"]
[BlackElo "2060"]
[Result "1-0"]
[PlyCount "89"]
[EventDate "2000.09.03"]

1. Nf3 Nf6 2. c3 d5 3. g3 c6 4. Bg2 e6 5. d3 Nbd7 6. O-O Bd6 7. b3 O-O 8. c4
Re8 9. Nc3 Nf8 10. Qc2 Bd7 11. Rd1 Rc8 12. Qb2 Qe7 13. a4 Ng6 14. a5 h6 15. Be3
Bb8 16. b4 Red8 17. Bc5 Qe8 18. Nd2 Rc7 19. e4 d4 20. Bxd4 Bc8 21. Nb3 Rcd7 22.
Bxf6 gxf6 23. Nc5 Rd4 24. Ne2 Be5 25. Qc2 b6 26. Nb3 R4d7 27. d4 Bb8 28. f4 Qf8
29. axb6 axb6 30. c5 b5 31. Na5 Rc7 32. e5 Bd7 33. exf6 Kh7 34. h4 h5 35. Nc3
Qh6 36. Ne4 Kh8 37. Nd6 Rf8 38. Qf2 Kg8 39. f5 exf5 40. Nxf5 Qh7 41. Be4 Qh8
42. Nd6 Kh7 43. Re1 Qg8 44. Qe3 Qh8 45. Qg5 1-0

[Event "XLII Festival A"]
[Site "Imperia ITA"]
[Date "2000.09.09"]
[Round "8"]
[White "Biolek, Richard sr"]
[Black "Babula, Milan"]
[WhiteElo "2420"]
[BlackElo "2362"]
[Result "1/2-1/2"]
[PlyCount "58"]
[EventDate "2000.09.03"]

1. d4 Nf6 2. c4 g6 3. Nc3 Bg7 4. e4 d6 5. Nf3 O-O 6. Be2 e5 7. O-O Nc6 8. d5
Ne7 9. b4 Nd7 10. c5 dxc5 11. bxc5 Nxc5 12. Ba3 b6 13. Bxc5 bxc5 14. Qa4 Qd6
15. Nd2 Bd7 16. Qa3 Nc8 17. Nc4 Qe7 18. Rfd1 Nb6 19. Na5 f5 20. Nb3 fxe4 21.
Nxe4 Bf5 22. Qxc5 Qh4 23. Ng3 e4 24. Nd4 Be5 25. Rab1 e3 26. Ndxf5 exf2+ 27.
Qxf2 gxf5 28. Rb3 Rad8 29. Nf1 Qxf2+ 1/2-1/2

[Event "XLII Festival A"]
[Site "Imperia ITA"]
[Date "2000.09.09"]
[Round "8"]
[White "Bratanov, Zsivko"]
[Black "Zlochevskij, Alexander"]
[WhiteElo "2400"]
[BlackElo "2450"]
[Result "1/2-1/2"]
[PlyCount "27"]
[EventDate "2000.09.03"]

1. e4 g6 2. d4 Bg7 3. Nc3 d6 4. Nf3 a6 5. Bc4 e6 6. Bb3 Ne7 7. Ne2 b6 8. c3 Bb7
9. Ng3 Nd7 10. O-O c5 11. Qe2 h6 12. h3 Qc7 13. Be3 Rc8 14. Rad1 1/2-1/2

[Event "XLII Festival A"]
[Site "Imperia ITA"]
[Date "2000.09.09"]
[Round "8"]
[White "Capuano, Ruggiero"]
[Black "Melich, Jindrich"]
[WhiteElo "2170"]
[BlackElo "2150"]
[Result "1/2-1/2"]
[PlyCount "80"]
[EventDate "2000.09.03"]

1. d4 c5 2. c3 e6 3. Nf3 Nf6 4. Bg5 cxd4 5. Bxf6 gxf6 6. Nxd4 b6 7. e4 Bb7 8.
Bd3 Nc6 9. Qe2 Bc5 10. Nxc6 dxc6 11. Ba6 Bxa6 12. Qxa6 Qc8 13. Qe2 Qc7 14. Nd2
Rd8 15. Rd1 O-O 16. O-O Rd7 17. Nb3 Bd6 18. f4 Rfd8 19. g3 Bf8 20. Rd2 Bc5+ 21.
Kg2 Rxd2 22. Nxd2 Qd7 23. Nb3 Bf8 24. Rc1 c5 25. Rc2 Qa4 26. Nc1 Qc6 27. Kh3 c4
28. b4 b5 29. Qg2 a6 30. Ne2 e5 31. Nc1 Qd7+ 32. f5 Qd1 33. Qe2 Bh6 34. Qxd1
Rxd1 35. Ne2 Rd2 36. Rxd2 Bxd2 37. Kg4 Kg7 38. Kh5 h6 39. Kg4 Kh7 40. Kh5 Kg7
1/2-1/2

[Event "XLII Festival A"]
[Site "Imperia ITA"]
[Date "2000.09.09"]
[Round "8"]
[White "Colovic, Aleksandar"]
[Black "Poloch, Petr"]
[WhiteElo "2397"]
[BlackElo "2323"]
[Result "1-0"]
[PlyCount "57"]
[EventDate "2000.09.03"]

1. e4 c5 2. Nf3 e6 3. d4 cxd4 4. Nxd4 Nf6 5. Nc3 d6 6. Be3 a6 7. f4 b5 8. Qf3
Bb7 9. Bd3 Nbd7 10. g4 b4 11. Nce2 Nc5 12. Ng3 Nfd7 13. g5 g6 14. O-O-O Bg7 15.
Kb1 O-O 16. h4 f5 17. h5 Ne5 18. Qe2 fxe4 19. hxg6 exd3 20. Qh5 dxc2+ 21. Kxc2
Nxg6 22. Qxh7+ Kf7 23. Rh6 Ne7 24. Rf6+ Ke8 25. Qxg7 Kd7 26. Ndf5 Ne4 27. Nxd6
Nxd6 28. Bc5 Bd5 29. Rxd5 1-0

[Event "XLII Festival A"]
[Site "Imperia ITA"]
[Date "2000.09.09"]
[Round "8"]
[White "Delchev, Aleksander"]
[Black "Payen, Arnaud"]
[WhiteElo "2557"]
[BlackElo "2354"]
[Result "1/2-1/2"]
[PlyCount "88"]
[EventDate "2000.09.03"]

1. c4 c6 2. d4 d5 3. Nf3 Nf6 4. Nc3 e6 5. Qb3 Nbd7 6. Bg5 Be7 7. e3 O-O 8. Rc1
a6 9. c5 e5 10. dxe5 Ng4 11. Bxe7 Qxe7 12. Na4 Ndxe5 13. Be2 Nxf3+ 14. gxf3 Nh6
15. Nb6 Rb8 16. Qb4 Qe5 17. Qc3 f6 18. f4 Qe7 19. Nxc8 Rbxc8 20. Bd3 Rcd8 21.
Qd4 Qe6 22. Bc2 Nf5 23. Qd3 g6 24. h4 Kg7 25. h5 d4 26. e4 Ne7 27. hxg6 hxg6
28. Kd2 Qxa2 29. b4 Qb2 30. Rb1 Qc3+ 31. Qxc3 dxc3+ 32. Kxc3 f5 33. Rh4 fxe4
34. Bxe4 Nd5+ 35. Bxd5 Rxd5 36. Rbh1 Rfd8 37. R1h3 Kf6 38. Rg3 a5 39. Rhg4
axb4+ 40. Kxb4 Rg8 41. Kc4 Rg7 42. Rg5 Rf5 43. R5g4 Rd5 44. Rg5 Rf5 1/2-1/2

[Event "XLII Festival A"]
[Site "Imperia ITA"]
[Date "2000.09.09"]
[Round "8"]
[White "Di Paolo, Raffaele"]
[Black "De Santis, Alessio"]
[WhiteElo "2295"]
[BlackElo "2309"]
[Result "1/2-1/2"]
[PlyCount "84"]
[EventDate "2000.09.03"]

1. e4 c5 2. Nf3 e6 3. d4 cxd4 4. Nxd4 a6 5. Nc3 Qc7 6. Be2 Nc6 7. O-O b5 8.
Nxc6 dxc6 9. f4 Bb7 10. Be3 Nf6 11. e5 Nd5 12. Nxd5 cxd5 13. c3 Bc5 14. Bd4 Rc8
15. Qd2 Bxd4+ 16. Qxd4 Qc5 17. Rfd1 Qxd4+ 18. Rxd4 Bc6 19. a4 bxa4 20. Bxa6 Rb8
21. Ra2 Ke7 22. Be2 Rb6 23. Kf2 Rhb8 24. Rd2 f6 25. Bd3 h6 26. Ke3 g5 27. g3
gxf4+ 28. gxf4 fxe5 29. fxe5 R6b7 30. Rf2 Rf8 31. Rxf8 Kxf8 32. Bc2 Rb8 33. Kd4
Ke7 34. Kc5 Bb5 35. Bxa4 Bc4 36. Ra3 Rxb2 37. Bc6 Ra2 38. Rxa2 Bxa2 39. Kd4 Bb1
40. Ke3 Kf7 41. Kf4 Bd3 42. Ba4 Be2 1/2-1/2

[Event "XLII Festival A"]
[Site "Imperia ITA"]
[Date "2000.09.09"]
[Round "8"]
[White "Egartner, Wolfgang"]
[Black "Schmitt, Thomas"]
[WhiteElo "2166"]
[BlackElo "2223"]
[Result "1/2-1/2"]
[PlyCount "20"]
[EventDate "2000.09.03"]

1. d4 Nf6 2. Nf3 g6 3. g3 Bg7 4. Bg2 O-O 5. O-O d6 6. b3 c6 7. Bb2 Qa5 8. c4
Qh5 9. Re1 Bh3 10. Bh1 Nbd7 1/2-1/2

[Event "XLII Festival A"]
[Site "Imperia ITA"]
[Date "2000.09.09"]
[Round "8"]
[White "Frank, Albert"]
[Black "Hocevar, Nikola"]
[WhiteElo "2014"]
[BlackElo "2167"]
[Result "1/2-1/2"]
[PlyCount "34"]
[EventDate "2000.09.03"]

1. e4 c5 2. Nf3 Nc6 3. Bb5 g6 4. O-O Bg7 5. Re1 a6 6. Bxc6 dxc6 7. Nc3 e5 8. d3
b5 9. Be3 Qe7 10. Nd2 Nf6 11. Nb3 Nd7 12. Qd2 O-O 13. f3 Re8 14. Qf2 Bf8 15. a4
Rb8 16. axb5 axb5 17. Ra7 Rb7 1/2-1/2

[Event "XLII Festival A"]
[Site "Imperia ITA"]
[Date "2000.09.09"]
[Round "8"]
[White "Gross, Stefan"]
[Black "Mozny, Milos"]
[WhiteElo "2357"]
[BlackElo "2414"]
[Result "1-0"]
[PlyCount "81"]
[EventDate "2000.09.03"]

1. Nf3 d5 2. c4 e6 3. d4 Nf6 4. Nc3 Be7 5. Bg5 O-O 6. e3 Nbd7 7. cxd5 exd5 8.
Bd3 c6 9. Qc2 Re8 10. O-O Nf8 11. Rab1 Bg4 12. Ne5 Bh5 13. b4 a6 14. a4 N6d7
15. Bxe7 Qxe7 16. Nxd7 Qxd7 17. b5 axb5 18. axb5 Bg6 19. Rb3 Re6 20. Rfb1 Bxd3
21. Qxd3 Qe8 22. bxc6 bxc6 23. Ne2 Ng6 24. Qc2 Rc8 25. Rb7 h6 26. h3 Re7 27.
Nc1 Rec7 28. Rxc7 Rxc7 29. Nb3 Ne7 30. Nc5 Ng6 31. Rb6 Ne7 32. Na6 Rc8 33. Qb1
Ng6 34. Qf5 Ne7 35. Qe5 Kf8 36. Rb7 Ng6 37. Qd6+ Kg8 38. Rc7 Rxc7 39. Nxc7 Qe4
40. Qxc6 Nh4 41. Qxd5 1-0

[Event "XLII Festival A"]
[Site "Imperia ITA"]
[Date "2000.09.09"]
[Round "8"]
[White "Jacob, Volker"]
[Black "Zedek, Alois"]
[WhiteElo "2267"]
[BlackElo "2157"]
[Result "1-0"]
[PlyCount "57"]
[EventDate "2000.09.03"]

1. d4 d5 2. c4 c6 3. Nc3 Nf6 4. Bg5 Nbd7 5. e3 e6 6. cxd5 exd5 7. Bd3 Be7 8.
Qc2 O-O 9. Nge2 Re8 10. O-O-O Ne4 11. Bxe4 dxe4 12. Bf4 f5 13. f3 exf3 14. gxf3
Nf6 15. Rhg1 Be6 16. Be5 Qd7 17. Nf4 Rf8 18. Kb1 Rf7 19. Rg3 Bd6 20. Qg2 Re8
21. Rg1 Bf8 22. Qh3 b5 23. Qh4 Qe7 24. Rh3 b4 25. Bxf6 Rxf6 26. Qxh7+ Kf7 27.
Rhg3 Bxa2+ 28. Nxa2 Qxe3 29. Rxg7+ 1-0

[Event "XLII Festival A"]
[Site "Imperia ITA"]
[Date "2000.09.09"]
[Round "8"]
[White "Jurek, Josef"]
[Black "Bellia, Fabrizio"]
[WhiteElo "2329"]
[BlackElo "2374"]
[Result "0-1"]
[PlyCount "74"]
[EventDate "2000.09.03"]

1. Nf3 Nf6 2. c4 e6 3. g3 d5 4. Bg2 Be7 5. O-O O-O 6. d4 c6 7. Qc2 Nbd7 8. b3
b6 9. Rd1 Ba6 10. Nbd2 c5 11. Bb2 Rc8 12. Rac1 cxd4 13. Nxd4 Bc5 14. Qb1 e5 15.
Nc2 dxc4 16. Nxc4 Ng4 17. e3 Bxc4 18. bxc4 Qe7 19. Bc3 f5 20. Qb5 Rcd8 21. Bb4
e4 22. Nd4 Nge5 23. Bxc5 Nxc5 24. a4 Ncd3 25. Ra1 Rc8 26. Qd5+ Kh8 27. a5 g6
28. axb6 axb6 29. f3 exf3 30. Nxf3 Rfd8 31. Qb5 Nxf3+ 32. Bxf3 Qxe3+ 33. Kg2
Qf2+ 34. Kh3 Nf4+ 35. Kh4 Qxf3 36. Qe5+ Kg8 37. Qxf4 Qh5# 0-1

[Event "XLII Festival A"]
[Site "Imperia ITA"]
[Date "2000.09.09"]
[Round "8"]
[White "Lo Curto, Emanuele"]
[Black "Krouzel, Jaroslav"]
[WhiteElo "2132"]
[BlackElo "2293"]
[Result "0-1"]
[PlyCount "118"]
[EventDate "2000.09.03"]

1. e4 e6 2. d3 d5 3. Nd2 Nf6 4. Ngf3 dxe4 5. dxe4 Bc5 6. Bc4 Nc6 7. c3 O-O 8.
b4 Bd6 9. O-O e5 10. Re1 Qe7 11. Nf1 Be6 12. Qe2 a5 13. b5 Nd8 14. Ng3 Re8 15.
a4 Bxc4 16. Qxc4 Qe6 17. Qe2 Bc5 18. h3 g6 19. Nd2 c6 20. Nc4 cxb5 21. axb5 b6
22. Be3 Nb7 23. Red1 Rec8 24. Rac1 a4 25. Rd2 Bxe3 26. Nxe3 Nc5 27. Ra2 Ncxe4
28. Nxe4 Nxe4 29. c4 Nc5 30. Nd5 Kg7 31. Re1 f6 32. Ra3 Qd6 33. f4 Ne6 34. fxe5
Qxa3 35. exf6+ Kh8 36. Qxe6 Qf8 37. f7 a3 38. Qe5+ Qg7 39. Nf6 Rf8 40. Qa1 a2
41. Nd7 Qxa1 42. Rxa1 Rxf7 43. Nxb6 Ra3 44. c5 Rfa7 45. c6 R3a5 46. Nd5 Rxb5
47. Nc3 Rc5 48. Rxa2 Rxa2 49. Nxa2 Rxc6 50. Nb4 Rc4 51. Nd3 Kg7 52. Ne5 Ra4 53.
Kf2 Kf6 54. Nf3 Kf5 55. Ng1 h5 56. g3 Ke4 57. Ne2 Ra2 58. Kf1 Kf3 59. Ng1+ Kxg3
0-1

[Event "XLII Festival A"]
[Site "Imperia ITA"]
[Date "2000.09.09"]
[Round "8"]
[White "Lukes, Ladislav"]
[Black "Cugini, Verter"]
[WhiteElo "2122"]
[BlackElo "2168"]
[Result "1-0"]
[PlyCount "57"]
[EventDate "2000.09.03"]

1. e4 e6 2. d4 d5 3. Nc3 Nf6 4. Bg5 Bb4 5. e5 h6 6. Bd2 Bxc3 7. bxc3 Ne4 8. Bd3
Nxd2 9. Qxd2 c5 10. f4 Nc6 11. Nf3 Qb6 12. Be2 Bd7 13. O-O c4 14. Rfb1 Qa6 15.
Qe3 Ne7 16. Nh4 Ba4 17. Rb2 b5 18. Rf1 Kd7 19. f5 Raf8 20. f6 gxf6 21. Rxf6 Ng8
22. Rf4 h5 23. Ng6 Ne7 24. Nxf8+ Rxf8 25. Bxh5 Kc8 26. Rf6 Ng8 27. Rf2 Qb7 28.
Qg5 Qe7 29. Qg7 1-0

[Event "XLII Festival A"]
[Site "Imperia ITA"]
[Date "2000.09.09"]
[Round "8"]
[White "Machalek, Bedrich"]
[Black "Giuberchio, Cesare"]
[WhiteElo "2055"]
[BlackElo "1906"]
[Result "1-0"]
[PlyCount "89"]
[EventDate "2000.09.03"]

1. e4 e5 2. Bc4 Bc5 3. Nf3 Nc6 4. c3 Nf6 5. Qe2 d6 6. d3 Bg4 7. a4 a6 8. Nbd2
O-O 9. h3 Be6 10. Ng5 Bxc4 11. Nxc4 Qe7 12. Ne3 g6 13. O-O Nd8 14. Nd5 Nxd5 15.
exd5 f6 16. Ne4 Ba7 17. Kh1 c6 18. dxc6 Nxc6 19. b3 d5 20. Ba3 Qe6 21. Bxf8
Rxf8 22. Nd2 f5 23. Rae1 f4 24. b4 Rf5 25. b5 axb5 26. axb5 Ne7 27. Nf3 Rh5 28.
Kh2 Bb8 29. Ra1 Kg7 30. Ra8 Qd6 31. Re1 Ng8 32. Kg1 Bc7 33. Nh2 Nf6 34. Ng4
Nxg4 35. Qxg4 e4 36. dxe4 f3 37. e5 Rxe5 38. Qd4 Qf6 39. Rxe5 Bxe5 40. Qxd5 Qg5
41. Qg8+ Kh6 42. Qf8+ Bg7 43. Qxf3 Qxb5 44. Qf4+ g5 45. Qd6+ 1-0

[Event "XLII Festival A"]
[Site "Imperia ITA"]
[Date "2000.09.09"]
[Round "8"]
[White "Pedemonte, Claudio"]
[Black "Popa, Claudiu"]
[WhiteElo "2013"]
[BlackElo "2127"]
[Result "1/2-1/2"]
[PlyCount "98"]
[EventDate "2000.09.03"]

1. c4 e6 2. Nc3 d5 3. cxd5 exd5 4. d4 c6 5. Nf3 Bf5 6. Bf4 Nf6 7. e3 Qb6 8. Qb3
Qxb3 9. axb3 a6 10. Be2 Nbd7 11. O-O Rc8 12. Rfc1 h6 13. h4 Be7 14. Ne5 Rg8 15.
g4 g5 16. hxg5 hxg5 17. Bg3 Be6 18. Nxd7 Nxd7 19. Na4 Bd8 20. Kg2 Bc7 21. Rh1
Ke7 22. Rh2 Bxg3 23. Kxg3 Rh8 24. Rah1 Rxh2 25. Rxh2 Rg8 26. Bd3 Nf8 27. Nc5
Bc8 28. Bf5 b6 29. Bxc8 bxc5 30. dxc5 Ne6 31. Bxe6 Kxe6 32. Rh6+ f6 33. Rh7 Rb8
34. Rc7 Rxb3 35. Rxc6+ Ke5 36. Rxa6 Rxb2 37. f4+ gxf4+ 38. exf4+ Kd4 39. Rxf6
Kxc5 40. Rf5 Kd6 41. g5 d4 42. g6 Rb1 43. Kf2 Rb8 44. Ke2 Ke6 45. Rh5 Kf6 46.
f5 Rb3 47. Kd2 Rg3 48. Rh8 Kxf5 49. Rf8+ Ke6 1/2-1/2

[Event "XLII Festival A"]
[Site "Imperia ITA"]
[Date "2000.09.09"]
[Round "8"]
[White "Pienabarca, Nicola"]
[Black "Giuliano, Arturo"]
[WhiteElo "2030"]
[BlackElo "1968"]
[Result "1-0"]
[PlyCount "115"]
[EventDate "2000.09.03"]

1. d4 Nf6 2. c4 e6 3. Nc3 Bb4 4. Qc2 Bxc3+ 5. Qxc3 Ne4 6. Qc2 f5 7. g3 c5 8.
Nf3 O-O 9. Bg2 d6 10. O-O Nc6 11. Be3 Qe7 12. Rad1 Bd7 13. dxc5 dxc5 14. Nd2
Nf6 15. Nb3 b6 16. Qd2 Rad8 17. Nc1 Nd4 18. Bxd4 cxd4 19. e3 e5 20. exd4 exd4
21. Rfe1 Qf7 22. Qxd4 h6 23. Qc3 Ne4 24. Qc2 Bc6 25. Ne2 Qe7 26. Nc3 Rxd1 27.
Rxd1 Qc5 28. Nxe4 fxe4 29. Re1 Re8 30. Bxe4 Kh8 31. Re2 Qh5 32. f3 Qc5+ 33. Kg2
Bd7 34. Bd5 Rf8 35. Qe4 Qc8 36. Qh4 Rf5 37. Qd4 Qf8 38. Qe4 Qc8 39. Be6 Rf8 40.
Bxd7 Qxd7 41. Qe7 Qc8 42. b3 a5 43. Qe6 Qc7 44. Rd2 Rf6 45. Qd5 Rf8 46. Qd6 Qf7
47. Qd5 Qf6 48. a3 Qc3 49. Qd3 Qf6 50. b4 axb4 51. axb4 Qa1 52. c5 bxc5 53.
bxc5 Qa8 54. Qd5 Qa3 55. c6 Qc3 56. Re2 Rf6 57. Re8+ Kh7 58. Qe4+ 1-0

[Event "XLII Festival A"]
[Site "Imperia ITA"]
[Date "2000.09.09"]
[Round "8"]
[White "Raviola, Giuseppe"]
[Black "Blasco, Domenico"]
[WhiteElo "1909"]
[BlackElo "2070"]
[Result "1-0"]
[PlyCount "73"]
[EventDate "2000.09.03"]

1. e4 Nf6 2. e5 Nd5 3. d4 d6 4. c4 Nb6 5. exd6 cxd6 6. Nf3 g6 7. h3 Bg7 8. Bd3
Nc6 9. Be3 O-O 10. Qd2 e5 11. d5 Ne7 12. Bxb6 Qxb6 13. Nc3 h6 14. O-O-O Bd7 15.
Qe3 Qc7 16. Nd2 Nf5 17. Bxf5 Bxf5 18. Nb5 Qd8 19. g4 Bc8 20. Qa3 f5 21. gxf5
Rxf5 22. f3 Rh5 23. Qxd6 Qxd6 24. Nxd6 Rxh3 25. Rxh3 Bxh3 26. Nxb7 g5 27. c5 g4
28. fxg4 Bxg4 29. Rg1 Bf5 30. c6 Bc8 31. Nd6 Kh7 32. Ne8 Bh8 33. Ne4 h5 34. d6
Bf5 35. N4f6+ Kh6 36. d7 h4 37. Rg8 1-0

[Event "XLII Festival A"]
[Site "Imperia ITA"]
[Date "2000.09.09"]
[Round "8"]
[White "Semeria, Marco"]
[Black "Scarenzio, Renato"]
[WhiteElo "2063"]
[BlackElo "2024"]
[Result "1-0"]
[PlyCount "101"]
[EventDate "2000.09.03"]

1. e4 c6 2. d4 d5 3. exd5 cxd5 4. c4 Nf6 5. Nc3 e6 6. Nf3 Nc6 7. a3 Be7 8. Bf4
O-O 9. c5 Nh5 10. Be3 Qc7 11. Bb5 Nf6 12. O-O Ne4 13. Rc1 Bd7 14. b4 Ne5 15.
Bxd7 Nxd7 16. a4 a6 17. Qb3 Bf6 18. Nxe4 dxe4 19. Nd2 Qc6 20. Qc2 e5 21. dxe5
Bxe5 22. Nxe4 f5 23. Ng5 Kh8 24. Nf3 f4 25. Nxe5 Nxe5 26. Bd4 Ng6 27. f3 Rad8
28. Rfd1 Rfe8 29. Bf2 b5 30. Rxd8 Rxd8 31. Rd1 Re8 32. Rd6 Qc8 33. axb5 axb5
34. Qd3 Qb8 35. h3 Ne5 36. Qf5 Nc4 37. Rd7 Ne5 38. Rd6 Nc4 39. Rd4 Rf8 40. Qd7
Ne5 41. Qd6 Qxd6 42. Rxd6 Nc4 43. Rd7 Ne5 44. Rb7 Rd8 45. Bd4 Nc6 46. Bxg7+ Kg8
47. Bh6 Nxb4 48. Rxb5 Rd4 49. Rb8+ Kf7 50. Rf8+ Ke6 51. Rxf4 1-0

[Event "XLII Festival A"]
[Site "Imperia ITA"]
[Date "2000.09.09"]
[Round "8"]
[White "Spinelli, Doriano"]
[Black "Ausmins, Elmar"]
[WhiteElo "2189"]
[BlackElo "2324"]
[Result "1-0"]
[PlyCount "59"]
[EventDate "2000.09.03"]

1. e4 d6 2. Bc4 Nf6 3. d3 c6 4. Bb3 g6 5. Nf3 Bg7 6. Bg5 O-O 7. c3 Nbd7 8. O-O
Nc5 9. Bc2 b5 10. Nbd2 a5 11. d4 Ne6 12. Bh4 c5 13. a4 cxd4 14. Nxd4 Nxd4 15.
cxd4 bxa4 16. Rxa4 Ba6 17. Re1 Nd7 18. Nf3 h6 19. e5 g5 20. Nxg5 dxe5 21. Nf3
Bb5 22. Ra3 Ra6 23. dxe5 Nc5 24. Nd4 Qd7 25. Rg3 Kh8 26. Rxg7 Kxg7 27. Bxe7 Rc8
28. Bf5 Qxe7 29. Bxc8 Bd7 30. e6 1-0

[Event "XLII Festival A"]
[Site "Imperia ITA"]
[Date "2000.09.09"]
[Round "8"]
[White "Strazzeri, Marco"]
[Black "Mlynek, Petr"]
[WhiteElo "1756"]
[BlackElo "2200"]
[Result "0-1"]
[PlyCount "59"]
[EventDate "2000.09.03"]

1. e4 c6 2. c4 d5 3. exd5 cxd5 4. cxd5 a6 5. Nc3 Nf6 6. Qb3 Nbd7 7. a4 Nb6 8.
a5 Nbxd5 9. Bc4 e6 10. d4 Be7 11. Nf3 O-O 12. O-O Qd6 13. Ne5 Rd8 14. Bg5 Rb8
15. Bxd5 exd5 16. Nd3 Qd7 17. Rfe1 h6 18. Bh4 Bd6 19. Bxf6 gxf6 20. Nxd5 Qf5
21. Ne7+ Bxe7 22. Rxe7 Be6 23. Qa3 Rxd4 24. Nc5 Rbd8 25. Qg3+ Kh8 26. Qf3 Qxf3
27. gxf3 Bh3 28. Kh1 Rd2 29. Rg1 Rg8 30. Ree1 0-1

[Event "XLII Festival A"]
[Site "Imperia ITA"]
[Date "2000.09.09"]
[Round "8"]
[White "Svacina, Petr"]
[Black "Papan, Cyril"]
[WhiteElo "2094"]
[BlackElo "2208"]
[Result "1/2-1/2"]
[PlyCount "49"]
[EventDate "2000.09.03"]

1. e4 d5 2. exd5 Nf6 3. d4 Nxd5 4. Nf3 g6 5. Be2 Bg7 6. O-O O-O 7. c4 Nb6 8.
Nc3 Nc6 9. Be3 Bg4 10. b3 Bxf3 11. Bxf3 Nxd4 12. Bxb7 Rb8 13. Be4 c5 14. Rc1
Kh8 15. g3 f5 16. Bg2 e5 17. f4 e4 18. h4 h5 19. Qd2 Rf7 20. Rfd1 Rd7 21. Qf2
Qe7 22. Kh1 Rbd8 23. Kh2 Qe6 24. Kh3 Kh7 25. Bh1 1/2-1/2

[Event "XLII Festival A"]
[Site "Imperia ITA"]
[Date "2000.09.09"]
[Round "8"]
[White "Wurm, Christoph"]
[Black "Sejkora, Vlastimil"]
[WhiteElo "2156"]
[BlackElo "2264"]
[Result "1-0"]
[PlyCount "113"]
[EventDate "2000.09.03"]

1. e4 g6 2. d4 Bg7 3. Nc3 d6 4. Be3 Nf6 5. f3 c6 6. Qd2 Qa5 7. Bh6 Bxh6 8. Qxh6
b5 9. Qd2 b4 10. Nd1 c5 11. a3 Nc6 12. d5 Ne5 13. Ne3 Ba6 14. Bxa6 Qxa6 15. Ne2
b3 16. c4 O-O 17. Qc3 Rab8 18. O-O e6 19. Nf4 Qc8 20. Rfd1 Rb6 21. Rd2 Qe8 22.
Rad1 Qe7 23. Ne2 h5 24. Nc1 Rfb8 25. Nd3 Nxd3 26. Rxd3 e5 27. Qe1 R6b7 28. Nf1
Kg7 29. Re3 Nd7 30. Rdd3 a5 31. Qxa5 Nb6 32. Qc3 Qg5 33. Qc1 h4 34. Re1 Qe7 35.
Ne3 Na4 36. Nd1 f5 37. exf5 gxf5 38. f4 e4 39. Rh3 Qf6 40. Re2 Qd4+ 41. Ne3 Rh8
42. Kh1 Qf6 43. g4 hxg3 44. Rxg3+ Kf8 45. Rg5 Rf7 46. Nxf5 Rfh7 47. Qe3 Rxh2+
48. Rxh2 Rxh2+ 49. Kxh2 Qxb2+ 50. Kh3 Qh8+ 51. Kg4 Nc3 52. Qd2 Qf6 53. Qh2 Nd1
54. Qh7 Nf2+ 55. Kh4 Ke8 56. Nxd6+ Kd8 57. Kh5 1-0

[Event "XLII Festival A"]
[Site "Imperia ITA"]
[Date "2000.09.10"]
[Round "9"]
[White "Babula, Milan"]
[Black "Colovic, Aleksandar"]
[WhiteElo "2362"]
[BlackElo "2397"]
[Result "1/2-1/2"]
[PlyCount "38"]
[EventDate "2000.09.03"]

1. e4 c5 2. Nf3 d6 3. d4 cxd4 4. Nxd4 Nf6 5. Nc3 a6 6. Bc4 e6 7. a3 Be7 8. O-O
b5 9. Ba2 O-O 10. f4 Bb7 11. f5 e5 12. Nde2 Nbd7 13. Ng3 Rc8 14. Bg5 h6 15.
Bxf6 Nxf6 16. Nh5 Nxh5 17. Qxh5 Rxc3 18. bxc3 Bxe4 19. Qe2 d5 1/2-1/2

[Event "XLII Festival A"]
[Site "Imperia ITA"]
[Date "2000.09.10"]
[Round "9"]
[White "Bellia, Fabrizio"]
[Black "Gross, Stefan"]
[WhiteElo "2374"]
[BlackElo "2357"]
[Result "1/2-1/2"]
[PlyCount "29"]
[EventDate "2000.09.03"]

1. e4 e5 2. Nf3 Nc6 3. Bb5 a6 4. Ba4 Nf6 5. O-O Be7 6. Re1 b5 7. Bb3 d6 8. c3
O-O 9. h3 Na5 10. Bc2 c5 11. d4 Qc7 12. Nbd2 cxd4 13. cxd4 Bd7 14. d5 g6 15.
Nf1 1/2-1/2

[Event "XLII Festival A"]
[Site "Imperia ITA"]
[Date "2000.09.10"]
[Round "9"]
[White "Benes, Petr"]
[Black "Stoppa, Omar"]
[WhiteElo "2171"]
[BlackElo "2195"]
[Result "0-1"]
[PlyCount "78"]
[EventDate "2000.09.03"]

1. e4 e6 2. Bb5 c6 3. Ba4 d5 4. Nc3 Nf6 5. e5 Nfd7 6. Nf3 a6 7. d4 c5 8. dxc5
Bxc5 9. O-O Qc7 10. Re1 O-O 11. Be3 Be7 12. Bf4 Nb6 13. Bb3 Nc6 14. Qe2 Na5 15.
Rad1 Nac4 16. Bc1 Bd7 17. Nd4 Rae8 18. Qh5 g6 19. Qe2 f6 20. f4 fxe5 21. fxe5
Bb4 22. Rd3 Re7 23. h4 Bc5 24. Kh2 Nxe5 25. Qxe5 Bd6 26. Rde3 Bxe5+ 27. Rxe5
Rf1 28. g3 Rxe1 29. Rxe1 Nc4 30. Bf4 Qc5 31. Rd1 Nxb2 32. Nxd5 exd5 33. Rd2 Nc4
34. Rd1 Bg4 35. Rd3 Be2 36. Nxe2 Rxe2+ 37. Kh3 h5 38. g4 Qg1 39. gxh5 Qg2# 0-1

[Event "XLII Festival A"]
[Site "Imperia ITA"]
[Date "2000.09.10"]
[Round "9"]
[White "Bibik, Jura"]
[Black "Raviola, Giuseppe"]
[WhiteElo "2268"]
[BlackElo "1909"]
[Result "1-0"]
[PlyCount "113"]
[EventDate "2000.09.03"]

1. e4 c5 2. Nc3 Nc6 3. Bb5 Nf6 4. f4 e6 5. Nf3 a6 6. Bxc6 bxc6 7. O-O Be7 8. d3
O-O 9. Kh1 a5 10. Qe1 Ba6 11. b3 d5 12. Ne5 Qc7 13. Bb2 Bd6 14. Na4 Rab8 15.
Nxc6 Qxc6 16. e5 d4 17. exd6 Bb7 18. Qd2 Ng4 19. Ba3 Ne3 20. Rf2 c4 21. Bc5 c3
22. Qe2 Qd5 23. d7 Rfd8 24. Ba7 Bc6 25. Bxb8 Rxb8 26. Nxc3 Qxd7 27. Ne4 f5 28.
Ng5 Rc8 29. Rc1 Ng4 30. Kg1 Nxf2 31. Kxf2 Re8 32. a4 Qe7 33. Qe5 h6 34. Nf3
Bxf3 35. Kxf3 Qa3 36. Re1 Qb2 37. Re2 Qa1 38. Kf2 Qc3 39. h3 Kf7 40. Qb5 Qc7
41. Kf3 g5 42. Qe5 Qc6+ 43. Kf2 gxf4 44. Qxf4 Rg8 45. Kf1 Qd5 46. Qxh6 Rg6 47.
Qh5 e5 48. Rf2 f4 49. Rxf4+ Kg7 50. Rf2 Qc5 51. Qf5 Qe7 52. g4 Rh6 53. Kg2 Qb7+
54. Kg3 Rxh3+ 55. Kxh3 Qh1+ 56. Rh2 Qe1 57. Qf2 1-0

[Event "XLII Festival A"]
[Site "Imperia ITA"]
[Date "2000.09.10"]
[Round "9"]
[White "Biolek, Richard sr"]
[Black "Delchev, Aleksander"]
[WhiteElo "2420"]
[BlackElo "2557"]
[Result "0-1"]
[PlyCount "132"]
[EventDate "2000.09.03"]

1. d4 Nf6 2. Nf3 g6 3. c4 Bg7 4. Nc3 d5 5. g3 dxc4 6. Qa4+ Nfd7 7. Bf4 Nc6 8.
Nd5 Nb6 9. Nxb6 cxb6 10. Qxc4 Nxd4 11. Nxd4 Qxd4 12. Qxd4 Bxd4 13. O-O-O e5 14.
e3 Bxb2+ 15. Kxb2 exf4 16. gxf4 Bd7 17. Bg2 O-O-O 18. Rd4 Bc6 19. Bh3+ f5 20.
Rhd1 Rxd4 21. Rxd4 Kc7 22. Bf1 b5 23. a3 Rf8 24. h4 Rf6 25. Be2 Be8 26. Rd5 Rb6
27. Kc3 Rc6+ 28. Kb2 a6 29. Re5 Kd8 30. Bf3 Rc7 31. h5 Bc6 32. Bxc6 Rxc6 33.
hxg6 hxg6 34. Rd5+ Kc7 35. Rd1 Rd6 36. Rg1 Kb6 37. Kc3 Ka5 38. f3 Ka4 39. e4
Rc6+ 40. Kb2 b4 41. axb4 Kxb4 42. e5 Kc5 43. Rc1+ Kb6 44. Re1 Kc7 45. Kb3 a5
46. Rh1 b5 47. Rh7+ Kb6 48. Rg7 Kc5 49. Rb7 a4+ 50. Ka3 Kc4 51. Rb8 Kc5 52. Rb7
Rc8 53. e6 Rc6 54. e7 Re6 55. Kb2 Kc4 56. Rc7+ Kb4 57. Kc2 Ka3 58. Rc5 Rxe7 59.
Rxb5 Re3 60. Rb6 Rxf3 61. Rxg6 Rxf4 62. Rb6 Rc4+ 63. Kd3 Rb4 64. Rf6 Kb3 65.
Rxf5 a3 66. Ra5 a2 0-1